Sea or Hawk? Quiz Stats

 Plays Quiz not verified by Sporcle

Score 0/30 Timer 02:00
0 Plays Today
Type Sea Or Hawk? % Correct
Greenland???
90.5%
Coral???
87.3%
Barents???
84.1%
Irish???
82.5%
Bothnia???
79.4%
Persian???
79.4%
Yellow???
76.2%
Golden???
73%
Peregrine???
69.8%
Marmara???
69.8%
Sulu???
68.3%
Merlin???
65.1%
Mindanao???
65.1%
Mantled???
63.5%
Carpentaria???
63.5%
Type Sea Or Hawk? % Correct
Plumbeous???
61.9%
Brahminy???
60.3%
Laughing???
60.3%
Sooty???
60.3%
Kara???
57.1%
Socotra???
50.8%
Laccadive???
50.8%
Drake???
50.8%
Andean???
49.2%
Levantine???
47.6%
Mauritius???
42.9%
Amur???
41.3%
Hawaiian???
30.2%
Seychelles???
27%
Fiji???
27%

You're not logged in!

Compare scores with friends on all Sporcle quizzes.
OR
Log In

You Might Also Like...

Show Comments

Extras

Top Quizzes Today


Score Distribution

Your Account Isn't Verified!

In order to create a playlist on Sporcle, you need to verify the email address you used during registration. Go to your Sporcle Settings to finish the process.

Report this User

Report this user for behavior that violates our Community Guidelines.

Details: